| 000 | 00632na a2200205 4500 | ||
|---|---|---|---|
| 001 | 22863 | ||
| 003 | MIRAKIL | ||
| 005 | 20181213155249.0 | ||
| 008 | 170228b tu 000 0 | ||
| 040 |
_aMilas _btur _cTR-AnCHP |
||
| 041 | _atur | ||
| 082 |
_a351.7223 _bT91i 2009 |
||
| 090 | _a351.7223 T91i 2009 | ||
| 110 | _aTürkiye Bilimler Akademisi (TÜBA) | ||
| 245 |
_a2009 yılı bütçe tasarısı _cT.C Başbakanlık Türkiye Bilimler Akademisi (TÜBA) |
||
| 260 |
_aAnkara _bTÜBA _c2009 |
||
| 300 |
_a[14] s. _btbl. _c21 sm. |
||
| 610 |
_aTürkiye Bilimler Akademisi (TÜBA) _xBütçe tasarısı _y2009 |
||
| 942 |
_2ddc _cBKS |
||
| 999 |
_c9504 _d9504 |
||